| 000 | 01075cam a2200325 a 4500 | ||
|---|---|---|---|
| 001 | 3386402 | ||
| 003 | OSt | ||
| 005 | 20260316143746.0 | ||
| 008 | 880205s1987 txu b 000 0 eng | ||
| 010 | _a 88109236 | ||
| 020 | _a0849904145 | ||
| 020 | _a9780849904141 | ||
| 035 | _a3386402 | ||
| 040 |
_aDLC _cDLC _dDLC |
||
| 050 | 0 | 0 |
_aBS1151.2 _b.C66 1986 vol. 9 _aBS1325.3 |
| 082 | 0 | 0 |
_a221.7/7 s _a222/.5077 _219 |
| 100 | 1 | _aDilday, Russell H. | |
| 245 | 1 | 4 |
_aThe preacher's commentary (formerly The communicator's commentary.) _p1, 2 Kings / _cRussell H. Dilday. |
| 260 |
_aWaco, Tex. : _bWord Books, _cc1987. |
||
| 300 |
_a512 p. ; _c24 cm. |
||
| 336 |
_atext _btxt _2rdacontent |
||
| 337 |
_aunmediated _bn _2rdamedia |
||
| 338 |
_avolume _bnc _2rdacarrier |
||
| 440 | 4 |
_aThe Communicator's commentary series. _pOld Testament ; _v9 |
|
| 504 | _aBibliography: p. 510-512. | ||
| 630 | 0 | 0 |
_aBible. _pKings _xCommentaries. |
| 906 |
_a7 _bcbc _corignew _d2 _encip _f19 _gy-gencatlg |
||
| 942 |
_2lcc _cBK |
||
| 999 |
_c21471 _d21470 |
||